01129nam a2200193Ia 4500001001100000003001000011008004100021040002500062041001300087100001900100245004200119250001100161260007700172300001200249500026200261501011400523520026200637650003600899L200-52922IT-CnALBA170116s9999||||xx |||||||||||||| ||und|| aIT-CnALBAcIT-CnALBA aITALIANO aCAMPO CRISTINA 0aDETTI E FATTI DEI PADRI DEL DESERTO.  a1a ed. aMILANObRUSCONI, EDITORE c1999 [1° Ed.:1975 - Ed.Ling.Originale: 1974] a286 p.  aSALVEZZA, COME? FUGA SILENZIO RIPOSO. UMILTÀ. CUSTODIA MENTE. IL MAESTRO SPIRITUALE. LEGIONE. ATEISMO ASCETICO. IL PROSSIMO. OBBEDIENZA. IL DESTINO. COME UN UOMO SENZA ESISTENZA. AMORE. COMUNIONE. DIVINA PROVVIDENZA. FATTI DI MONACI E DI SECOLARI. GLOSSAR aSocietà San Paolo EM - Piazza San Paolo, 14 - 12051 ALBA (CN) (non commercial uses only) ® Copyright 2017 aSALVEZZA, COME? FUGA SILENZIO RIPOSO. UMILTÀ. CUSTODIA MENTE. IL MAESTRO SPIRITUALE. LEGIONE. ATEISMO ASCETICO. IL PROSSIMO. OBBEDIENZA. IL DESTINO. COME UN UOMO SENZA ESISTENZA. AMORE. COMUNIONE. DIVINA PROVVIDENZA. FATTI DI MONACI E DI SECOLARI. GLOSSAR aRELIGIONE - RELIGIONE CRISTIANA